Gerencia de compras: la nueva estrategia competitiva / Nohora Ligia Heredia Viveros (Registro nro. 10760)
[ vista simple ]
| 000 -LEADER | |
|---|---|
| fixed length control field | 00626nam a22002051a 4500 |
| 001 - CONTROL NUMBER | |
| control field | 10760 |
| 003 - CONTROL NUMBER IDENTIFIER | |
| control field | OSt |
| 005 - DATE AND TIME OF LATEST TRANSACTION | |
| control field | 20260204212212.0 |
| 008 - FIXED-LENGTH DATA ELEMENTS--GENERAL INFORMATION | |
| fixed length control field | 100223s2007||||ck ||||||b||||||||||spa|| |
| 020 ## - NUMERO DE LIBRO INTERNACIONAL NORMALIZADO | |
| International Standard Book Number | 9789786484794 |
| 050 ## - LIBRARY OF CONGRESS CALL NUMBER | |
| Classification number | 658.7 H42g |
| 100 ## - ASIENTO PRINCIPAL -- NOMBRE PERSONAL | |
| Personal name | Heredia Viveros, Nohora Ligia |
| 245 ## - TÍTULO PROPIAMENTE DICHO: SUBTÍTULO | |
| Title | Gerencia de compras: la nueva estrategia competitiva / Nohora Ligia Heredia Viveros |
| 264 ## - PRODUCTION, PUBLICATION, DISTRIBUTION, MANUFACTURE, AND COPYRIGHT NOTICE | |
| Place of production, publication, distribution, manufacture | Colombia : Ecoe Ediciones |
| 300 ## - PHYSICAL DESCRIPTION | |
| Extensión | 263 p |
| 490 ## - MENCIÓN DE SERIE | |
| Series statement | Colección textos universitario, Area administrativa |
| 500 ## - GENERAL NOTE | |
| General note | Incluye bibliografía |
| 650 ## - ASIENTO SECUNDARIO DE MATERIA -- TERMINO TEMÁTICO | |
| Termino Temático Como Elemento de Entrada | Compras 2.Administración de MercadeoÌ |
| 942 ## - ADDED ENTRY ELEMENTS (KOHA) | |
| Source of classification or shelving scheme | Dewey Decimal Classification |
| Koha item type | Libros |
| Withdrawn status | Lost status | Source of classification or shelving scheme | Damaged status | Not for loan | Current library | Date acquired | Total Checkouts | Full call number | Barcode | Date last seen | Price effective from | Koha item type |
|---|---|---|---|---|---|---|---|---|---|---|---|---|
| Dewey Decimal Classification | Biblioteca UTECO | 09/09/2019 | 658.7 H42G | 015274 | 09/09/2019 | 09/09/2019 | Libros |
